| Tag |
First Indicator |
Second Indicator |
Subfields |
| LEADER |
00000pam a22000004a 4500 |
| 001 |
in00002024914 |
| 005 |
20151031174444.0 |
| 008 |
040615s2005 njua 000 0 eng |
| 010 |
|
|
|a 2004014011
|
| 020 |
|
|
|a 0131400975
|
| 035 |
|
|
|a (OCoLC)ocm55800756
|
| 040 |
|
|
|a DLC
|c DLC
|d YDX
|d MUQ
|d UtOrBLW
|
| 042 |
|
|
|a pcc
|
| 049 |
|
|
|a TXAM
|
| 050 |
0 |
0 |
|a HF5548.32
|b .C685 2005
|
| 082 |
0 |
0 |
|a 658.8/72
|2 22
|
| 100 |
1 |
|
|a Coupey, Eloise.
|
| 245 |
1 |
0 |
|a Digital business :
|b concepts and strategy /
|c Eloise Coupey.
|
| 250 |
|
|
|a 2nd ed.
|
| 264 |
|
1 |
|a Upper Saddle River, N.J. :
|b Pearson Prentice Hall,
|c [2005]
|
| 264 |
|
4 |
|c ©2005
|
| 300 |
|
|
|a xxiii, 433 pages :
|b illustrations ;
|c 24 cm.
|
| 336 |
|
|
|a text
|b txt
|2 rdacontent
|
| 337 |
|
|
|a unmediated
|b n
|2 rdamedia
|
| 338 |
|
|
|a volume
|b nc
|2 rdacarrier
|
| 505 |
0 |
|
|a Business and the internet -- A framework for digital business -- How does the internet affect buyer behavior? -- How does the internet affect businesses? -- Technology and the digital marketplace -- Policy and the digital marketplace -- The evolution of digital business -- Strategic planning for digital business -- Developing business intelligence with online research -- Digital content and business activity -- Digital channels and business activity -- Digital communications and business activity -- Digital business-to-business -- Focus on the future : relationship management for digital business.
|
| 650 |
|
0 |
|a Electronic commerce.
|
| 650 |
|
0 |
|a Internet.
|
| 650 |
|
6 |
|a Commerce électronique.
|
| 650 |
|
6 |
|a Internet.
|
| 856 |
4 |
1 |
|3 Table of contents
|u http://www.loc.gov/catdir/toc/ecip0419/2004014011.html
|t 0
|
| 994 |
|
|
|a C0
|b TXA
|
| 948 |
|
|
|a cataloged
|b h
|c 2005/4/19
|d c
|e bwalker
|f 11:21:36 am
|
| 999 |
|
|
|a MARS
|
| 999 |
f |
f |
|s 7e501b93-5963-3290-85c6-64285cacee84
|i 6b7b0274-7c33-3706-897b-6175fe947164
|t 0
|
| 952 |
f |
f |
|p ric
|a Texas A&M University
|b Rellis Campus
|c Joint Library Facility
|d Remote Storage
|t 0
|e HF5548.32 .C685 2005
|h Library of Congress classification
|i unmediated -- volume
|m A14832625540
|
| 998 |
f |
f |
|a HF5548.32 .C685 2005
|t 0
|l Remote Storage
|